| 000 | 00355nam a22001457a 4500 | ||
|---|---|---|---|
| 003 | macl | ||
| 005 | 20190904160558.0 | ||
| 008 | 190904b xxu||||| |||| 00| 0 eng d | ||
| 040 | _cmacl | ||
| 100 |
_aPanigrahi,Debasis _976560 |
||
| 245 | _aThings Left Unsaid.... | ||
| 260 |
_aDelhi _bLiFi Pub _c2015 |
||
| 650 |
_aShort Stories _976561 |
||
| 942 |
_2ddc _cBK |
||
| 999 |
_c60945 _d60945 |
||